El cristianismo llega a China
Gardado en:
| Autor Principal: | |
|---|---|
| Formato: | Libro |
| Idioma: | Lingua castelá |
| Publicado: |
Buenos Aires
Guadalupe
1983
|
| Series: | Colección Misión
|
| Subjects: | |
| Tags: |
Engadir etiqueta
Sen Etiquetas, Sexa o primeiro en etiquetar este rexistro!
|
MARC
| LEADER | 00000nam a2200000 a 4500 | ||
|---|---|---|---|
| 001 | UCL4250 | ||
| 003 | CL-VaPUC | ||
| 008 | 040109e19830000AG |||||||||||||||||spa|d | ||
| 020 | |a 9505000650 | ||
| 082 | 0 | 4 | |a 275.1 |b GAR |2 21 |
| 100 | |a Gardini, Walter |e author |9 483917 | ||
| 245 | 1 | 3 | |a El cristianismo llega a China |
| 300 | |a 217 p | ||
| 942 | |c BK | ||
| 945 | |d 20040109 00:00:00 |a vberengu | ||
| 260 | |a Buenos Aires |b Guadalupe |c 1983 | ||
| 650 | 0 | |a Cristianismo |9 257361 | |
| 650 | 0 | |a Historia de la iglesia |9 257565 | |
| 651 | 0 | |a China |9 257545 | |
| 583 | |a last modification |c 20040109 00:00:00 |k Rodrigo Vera | ||
| 490 | 0 | |a Colección Misión | |
| 999 | |c 307131 |d 307129 | ||
| 952 | |0 0 |1 0 |4 0 |6 275_100000000000000_GAR_1983 |7 0 |8 A |9 372743 |a BIBTEO |b BIBTEO |d 2019-11-21 |i 2100495 |o 275.1 GAR 1983 |p 2100495 |r 2025-01-17 |w 2019-11-21 |y BK |k ICR | ||